000
00320 a2200145 4500
001
156294
040
_c
Escola São Tomás de Aquino
100
_a
MURRAY, Roseana
240
1
0
_a
Classificados Poéticos
_l
por
245
1
0
_a
Classificados Poéticos
300
_a
28
362
0
_a
2010
697
_a
Poesia
942
_c
BK
999
_c
156294
_d
156294